Регионална библиотека "Любен Каравелов" - Русе

Басни (Запис номер 146343)

MARC детайли
000 -Лидер
Контролно поле с фиксирана дължина 01548nam a2200361 c 4500
003 - Код на организацията, давaща контролен номер
Контролно поле BLK
005 - Дата и час на последна редакция
Контролно поле 20180422112705.0
008 - Елементи от данни с фиксирана дължина
fixed length control field 180410b bul|||||r ||||||| ||bul||
010 ## - Наследен системен номер
LC control number KNG00152530000
040 ## - Източник на каталожния запис
Идентификатор на билиотеката - собственик на записа BLK
041 ## - Код за език
Код за езика на текст/звукозапис или на отделно заглавие Български
Код за езика КДБФ Български
080 ## - УДК
Текстов определител УДК Руска литература
УДК код - определител по УДК 821.161.1
УДК определител -93-342
УДК - код + определител 821.161.1-93-342
100 1# - Редна дума - Автор
Автор Крилов, Иван Андреевич
Авторска отговорност първи автор
R(LIN) 373171
139 ## - Редно поле
Редна дума Крилов, Иван Андреевич
Авторски знак Кре - К 90
245 10 - Сведения за заглавието
Заглавие Басни
Редно поле (дума) Иван Андреевич Крилов; подб. Васил Александров; прев. от рус. Георги Райчев; ил. Владимир Коренев.
257 ## - Страна на издаване
Страна на създаване/издаване Русия
260 ## - Област на издателските данни
-- София
Име на издателя, разпространителя и проч. Бълг. художник
Година на издаване 1966
Печатница София : ПК Д. Благоев
300 ## - Физическа характеристика
Страници 20 с.
Илюстрации и др. с ил.
Размери/Мащаб 16Х17 см
380 ## - Жанр
Жанр Детска худож. лит.
490 1# - СЕРИИ (Колекции)
Име на серия Библиотека Златни страници
500 ## - Общи забележки
Забележка 30 100 тир.
653 ## - Ключова дума – ненормативна
Ключова дума басни
653 ## - Ключова дума – ненормативна
Ключова дума детска литература
653 ## - Ключова дума – ненормативна
Ключова дума литература за деца
700 1# - Други автори (авторска отговорност)
Лично име Александров, Васил
Автороска отговорност (Описва отношението между автора и произведението) подб.
Друга информация Вутов, Васил Александров
9 (RLIN) 367114
700 1# - Други автори (авторска отговорност)
Лично име Райчев, Георги
Автороска отговорност (Описва отношението между автора и произведението) прев. от рус.
9 (RLIN) 373172
700 1# - Други автори (авторска отговорност)
Лично име Коренев, Владимир
Автороска отговорност (Описва отношението между автора и произведението) ил.
9 (RLIN) 365106
852 ## - Местоположение
Форматна сигнатура Цб І 35314
856 4# - Електронен адрес и достъп
Електронен формат pdf - файл
Път до файла /url/
856 4# - Електронен адрес и достъп
Електронен формат pdf - файл
Път до файла /url/
942 ## - АРТИКУЛИ
Вид на библиотечния материал Книги
Скрит в OPAC Не
944 ## - СЪЗДАВАНЕ И РЕДАКЦИЯ на ЗАПИСА
Създаване/Редакция Създаване
Дата на регистрацията/редакция 24.10.2013
Статус, дата на статуса 24.10.2013 - от С1,Р / 24.10.2013
Служител, извършил регистрацията/редакцията Ивелин_Чалов
944 ## - СЪЗДАВАНЕ И РЕДАКЦИЯ на ЗАПИСА
Създаване/Редакция Редакция
Дата на регистрацията/редакция 24.10.2013
Статус, дата на статуса 24.10.2013 - от С1,Р / 24.10.2013
Служител, извършил регистрацията/редакцията
999 ## - СИСТЕМНИ КОНТРОЛНИ НОМЕРА
Koha biblionumber 146343
Koha biblioitemnumber 146343
Наличности
Код за отписване Код за изгубен артикул Източник на класификационната схема Код за повреда Коз за рестрикции Код за отдаване Артикулен № Име на библиотеката - собственик Име на библиотеката, в която се намира в момента Статус (Текущо местоположение) Дата на вписване в системата Местоположение - отдел Цена в лева Инвентарен номер Систематично азбучна сигнатура Баркод Номер на екземпляра Цена в евро Служебна бележка Служебен тип на артикула Бележка за публиката
  Не е изгубен Universal Decimal Classification Не е повреден без рестрикции ползва се в читалня 243325 Регионална библиотека "Любен Каравелов" Русе Регионална библиотека "Любен Каравелов" Русе Хранилище 1966-01-01 Хранилище 0.12 17131/66 Цб І 35314 900000020763 1 0.06 N: стар фонд Дата: 01.01.1966 Книги  
Изтеглен Не е изгубен   Не е повреден без рестрикции заемане за дома 243326 Регионална библиотека "Любен Каравелов" Русе Регионална библиотека "Любен Каравелов" Русе   1966-01-01 Детски отдел 0.12 17658/66 ДХ 820/899/К 90 17658/66 2 0.06 N: стар фонд Дата: 01.01.1966 Дата инв: 11.09.2015 Бележки инв: Д2015 Книги Отч.N: 49/17 , Дата: 09.10.2017
Изтеглен Не е изгубен Universal Decimal Classification Не е повреден без рестрикции заемане за дома 243327 Регионална библиотека "Любен Каравелов" Русе Регионална библиотека "Любен Каравелов" Русе Детски отдел 1966-01-01 Детски отдел 0.12 17657/66 ДХ 820/899/К 90 17657/66 3 0.06 N: стар фонд Дата: 01.01.1966 Дата инв: 11.09.2015 Бележки инв: Д2015 Книги  
Изтеглен Не е изгубен   Не е повреден без рестрикции заемане за дома 243328 Регионална библиотека "Любен Каравелов" Русе Регионална библиотека "Любен Каравелов" Русе   1966-01-01 Детски отдел 0.12 51594 ДХ 820/899/К 90 51594 4 0.06 N: стар фонд Дата: 01.01.1966 Дата инв: 11.09.2015 Бележки инв: Д2015 Книги Отч.N: 43/17 , Дата: 08.09.2017
Vip Innovations Ltd, Rousse, Bulgaria 2025